Missing Word: 2014 Movies (A-Z) Quiz Stats

 Plays Quiz Updated Jun 20, 2019

Score 0/26 Timer 03:00
0 Plays Today
Movie Title Missing Word % Correct
_____ and Dumber ToDumb
97.8%
Teenage Mutant _____ TurtlesNinja
97.3%
Guardians of the _____Galaxy
96.6%
Dawn of the _____ of the ApesPlanet
95.6%
How to Train _____ Dragon 2Your
95.3%
_____ SniperAmerican
92.2%
The Grand Budapest _____Hotel
91.3%
_____ the WoodsInto
90.1%
Deliver _____ From EvilUs
88.1%
The _____ in our StarsFault
86.6%
_____ Ryan: Shadow RecruitJack
86.5%
_____ Hero 6Big
84.2%
_____: Days of Future PastX-Men
83.3%
Movie Title Missing Word % Correct
The _____ RunnerMaze
80.8%
The _____ OnesQuiet
79.7%
Get _____ UpOn
78.8%
Exodus: Gods and _____Kings
77.9%
Captain America: The _____ SoldierWinter
71.5%
Edge of _____Tomorrow
69.4%
The _____ MovieLEGO
68.4%
Mr. Peabody & _____Sherman
57.8%
St. _____Vincent
48.8%
Transformers: Age of _____Extinction
43.2%
Heaven Is for _____Real
30.6%
_____ GoneZoe
26.6%
Let's Be _____Cops
23.1%

Today's Daily Dose

You're not logged in!

Compare scores with friends on all Sporcle quizzes.
OR
Log In

Show Comments

Extras

Top Quizzes Today


Score Distribution

Your Account Isn't Verified!

In order to create a playlist on Sporcle, you need to verify the email address you used during registration. Go to your Sporcle Settings to finish the process.

Report this User

Report this user for behavior that violates our Community Guidelines.

Details: